Guide to the Building Regulations (Record no. 115753)
[ view plain ]
| 000 -LEADER | |
|---|---|
| fixed length control field | 01230cam a22002415a 4500 |
| 001 - CONTROL NUMBER | |
| control field | L159232 |
| 008 - FIXED-LENGTH DATA ELEMENTS--GENERAL INFORMATION | |
| fixed length control field | 160321s2015 xxk f 000 0 eng d |
| 020 ## - INTERNATIONAL STANDARD BOOK NUMBER | |
| International Standard Book Number | 9781859466179 |
| 035 ## - SYSTEM CONTROL NUMBER | |
| System control number | (Sirsi) u159232 |
| 041 0# - LANGUAGE CODE | |
| Language code of text/sound track or separate title | eng |
| 050 04 - LIBRARY OF CONGRESS CALL NUMBER | |
| Classification number | 692.2 |
| 100 1# - MAIN ENTRY--PERSONAL NAME | |
| Personal name | Evans, Huw |
| 245 00 - TITLE STATEMENT | |
| Title | Guide to the Building Regulations |
| 250 ## - EDITION STATEMENT | |
| Edition statement | 3rd |
| 260 ## - PUBLICATION, DISTRIBUTION, ETC. | |
| Place of publication, distribution, etc. | London |
| Name of publisher, distributor, etc. | RIBA Publishing |
| Date of publication, distribution, etc. | 2015 |
| 300 ## - PHYSICAL DESCRIPTION | |
| Extent | vii, 456p, 28cm |
| 520 ## - SUMMARY, ETC. | |
| Summary, etc. | This 3rd edition has been fully revised to incorporate the 2015 amendments to the Building Regulations. With clear guidance on the essentials of the Building Regulations setting out the key compliance requirements to help designers and construction professionals produce safe and attractive buildings. Includes information on the introduction of optional requirements in Schedule 1 of the Building Regulations, a new fittings approach to water efficiency as an alternative to the Water Efficiency Calculator and the introduction of brand new Part Q (security) with new provisions for domestic doors and windows in order to prevent unauthorised access. |
| 590 ## - LOCAL NOTE (RLIN) | |
| Local note | KA |
| 651 #4 - SUBJECT ADDED ENTRY--GEOGRAPHIC NAME | |
| Geographic name | ENGLAND AND WALES |
| 690 ## - LOCAL SUBJECT ADDED ENTRY--TOPICAL TERM (OCLC, RLIN) | |
| Topical term or geographic name as entry element | Building regulations |
| 9 (RLIN) | 6224 |
| 690 ## - LOCAL SUBJECT ADDED ENTRY--TOPICAL TERM (OCLC, RLIN) | |
| Topical term or geographic name as entry element | Building control |
| 9 (RLIN) | 6222 |
| 942 ## - ADDED ENTRY ELEMENTS (KOHA) | |
| Suppress in OPAC | 0 |
| Withdrawn status | Lost status | Source of classification or shelving scheme | Damaged status | Not for loan | Home library | Current library | Shelving location | Date acquired | Total Checkouts | Full call number | Barcode | Date last seen | Copy number | Price effective from | Koha item type |
|---|---|---|---|---|---|---|---|---|---|---|---|---|---|---|---|
| Dewey Decimal Classification | London | London | Folio | 21/03/2016 | F692.2 EVA | 30075284 | 06/08/2019 | 1 | 06/08/2019 | Book |